Tratado de contabilidad comercial y moderna (Registro nro. 1796)
[ vista simple ]
| 000 -LEADER | |
|---|---|
| fixed length control field | 01078 a2200205 4500 |
| 001 - CONTROL NUMBER | |
| control field | 29067 |
| 005 - DATE AND TIME OF LATEST TRANSACTION | |
| control field | 20260407155600.0 |
| 008 - FIXED-LENGTH DATA ELEMENTS--GENERAL INFORMATION | |
| fixed length control field | 260407a1950 arg spa d |
| 003 - CONTROL NUMBER IDENTIFIER | |
| control field | AR-UNSa-BCEJYS |
| 040 ## - CATALOGING SOURCE | |
| Original cataloging agency | AR-UNSa-BCEJYS |
| Language of cataloging | spa |
| Transcribing agency | AR-UNSa-BCEJYS |
| 080 ## - UNIVERSAL DECIMAL CLASSIFICATION NUMBER | |
| Universal Decimal Classification number | 657 |
| Common auxiliary subdivision | Contabilidad |
| 100 1# - MAIN ENTRY--PERSONAL NAME | |
| Personal name | Seoane, Jorge |
| 245 10 - TITLE STATEMENT | |
| Title | Tratado de contabilidad comercial y moderna |
| 264 #1 - PRODUCTION, PUBLICATION, DISTRIBUTION, MANUFACTURE, AND COPYRIGHT NOTICE | |
| Place of production, publication, distribution, manufacture | Buenos Aires : |
| Name of producer, publisher, distributor, manufacturer | Selección Contable |
| Date of production, publication, distribution, manufacture, or copyright notice | 1950 |
| 300 ## - PHYSICAL DESCRIPTION | |
| Extent | 2v.(373 ; 444 p.) |
| Dimensions | 23 cm. |
| 505 ## - FORMATTED CONTENTS NOTE | |
| Formatted contents note | Tomo I: 1. Conceptos fundamentales - 2. Historia de las operaciones - 3. Libros de contabilidad - 4. Errores y omisiones - 5. Clasificación de las operaciones - 6. Operaciones a plazos - Tomo II: 7. Operacones bancarias - 8. Operaciones diversas - 9. Importación - 10. Pagos y cobros vencidos y a vencer - 11. Amortizaciones y reservas - 12. Plan general de cuentas del mayor - 13. Balance mensual de resultados - 14. Planillas y estados - 15. El balance general - 16. La preparación del balance general. |
| 590 ## - LOCAL NOTE (RLIN) | |
| Local note | niveau_biblio:m niveau_hierar:0 |
| 700 1# - ADDED ENTRY--PERSONAL NAME | |
| Personal name | Raul, Joaquin |
| 942 ## - ADDED ENTRY ELEMENTS (KOHA) | |
| Koha item type | |
| Withdrawn status | Lost status | Damaged status | Not for loan | Home library | Current library | Shelving location | Date acquired | Total checkouts | Full call number | Barcode | Date last seen | Price effective from | Koha item type |
|---|---|---|---|---|---|---|---|---|---|---|---|---|---|
| Biblioteca Prof. Eusebio Cleto del Rey | Biblioteca Prof. Eusebio Cleto del Rey | 07/04/2026 | 657 R245 v.1 | L20175 | 07/04/2026 | 07/04/2026 | Libro | ||||||
| Biblioteca Prof. Eusebio Cleto del Rey | Biblioteca Prof. Eusebio Cleto del Rey | 07/04/2026 | 657 R245 v.2 | L20195 | 07/04/2026 | 07/04/2026 | Libro |